[Event "ESP-ch 86th"]
[Site "Linares"]
[Date "2021.08.24"]
[Round "9"]
[White "Perez Hernandez, Juan S"]
[Black "Cuellar Montes, Alejandro"]
[Result "0-1"]
[WhiteElo "1853"]
[BlackElo "2132"]
[PlyCount "172"]
[EventDate "2021.08.16"]
[EventType "swiss"]
[EventRounds "9"]
[EventCountry "ESP"]
[SourceTitle "CBM 204 Extra"]
[Source "ChessBase"]
[SourceDate "2021.11.30"]
[SourceVersion "1"]
[SourceVersionDate "2021.11.30"]
[SourceQuality "1"]

1. d4 Nf6 2. Bf4 d5 3. e3 e6 4. Nd2 Bd6 5. Bg3 0-0 6. Ngf3 c5 7. c3 Qc7 8. Bd3 Nbd7 9. 0-0 e5 10. dxe5 Nxe5 11. Nxe5 Bxe5 12. Nf3 Bxg3 13. hxg3 Rd8 14. Qc2 Bg4 15. Rfd1 a6 16. a4 g6 17. Be2 Qe7 18. Re1 Rab8 19. Rad1 b5 20. Ra1 Bf5 21. Qd1 bxa4 22. Qxa4 Rxb2 23. Qxa6 Rd6 24. Qa3 Rdb6 25. c4 dxc4 26. Bxc4 Ne4 27. Ra2 R2b4 28. Bf1 Kg7 29. Nd2 Nxd2 30. Rxd2 Qf6 31. f3 Be6 32. Rc2 Rc6 33. Rec1 Rb3 34. Qa4 Bd5 35. e4 Rb4 36. Qa5 Qd4+ 37. Kh2 g5 38. g4 Rh6+ 39. Kg3 Bxe4 40. Qxc5 Bxc2 41. Rxc2 Qf4+ 42. Kf2 Rd4 43. Be2 Re6 44. Qc3 Qe5 45. Qb3 h6 46. Qc3 Red6 47. Qb2 Qf6 48. Kf1 Qd8 49. Rd2 Kg8 50. Rxd4 Rxd4 51. Qb5 Qd5 52. Qb8+ Kg7 53. Qb2 Qe5 54. Bd3 Rd5 55. Qxe5+ Rxe5 56. Kf2 f6 57. Kg3 Kf7 58. Bc4+ Ke7 59. Kf2 Rc5 60. Bd3 Kd6 61. Be4 Ke5 62. Kg3 Rb5 63. Bf5 Rb2 64. Be4 Kd4 65. Bf5 Ke3 66. Be6 Rb1 67. Bc4 Rh1 68. Be6 Ke2 69. Bc4+ Ke1 70. Bd3 Rh4 71. Bb5 h5 72. Bd7 hxg4 73. Bxg4 Kf1 74. f4 f5 75. Bxf5 Rxf4 76. Be6 Ke2 77. Bd5 Ke3 78. Bc6 Kd4 79. Bb7 Ke5 80. Bc6 Rc4 81. Bb7 Kf5 82. Bd5 Rc3+ 83. Kh2 Kf4 84. Bf3 g4 85. Bd5 g3+ 86. Kh3 Rc1 0-1

[Event "Almansa op-B 12th"]
[Site "Almansa"]
[Date "2017.08.05"]
[Round "8"]
[White "Perez Hernandez, Juan S"]
[Black "Lagunas Gualda, Guillermo"]
[Result "0-1"]
[WhiteElo "1786"]
[BlackElo "1874"]
[PlyCount "82"]
[EventDate "2017.08.01"]
[EventType "swiss"]
[EventRounds "9"]
[EventCountry "ESP"]
[SourceTitle "EXT 2019"]
[Source "ChessBase"]
[SourceDate "2018.10.10"]
[SourceVersion "1"]
[SourceVersionDate "2018.10.10"]
[SourceQuality "1"]

1. d4 Nf6 2. Bf4 g6 3. Nf3 Bg7 4. e3 0-0 5. Nbd2 Nh5 6. Bg5 h6 7. Bh4 g5 8. Ne5 Nf6 9. Bg3 d6 10. Nd3 Bf5 11. Be2 c6 12. c3 Nbd7 13. 0-0 Re8 14. Ne1 e5 15. Nc4 Ne4 16. Bd3 Nxg3 17. fxg3 Bxd3 18. Qxd3 e4 19. Qe2 Qe7 20. Nc2 d5 21. Nd2 Qe6 22. b3 c5 23. Rac1 Rac8 24. Qf2 Rc7 25. b4 cxd4 26. Nxd4 Bxd4 27. cxd4 Rec8 28. Nb3 b6 29. Qd2 Rc4 30. Rxc4 dxc4 31. Qc2 Nf6 32. Nd2 c3 33. Nb3 Nd5 34. Rc1 Nxb4 35. Qe2 a5 36. Nc5 bxc5 37. Rxc3 cxd4 38. Rxc8+ Qxc8 39. exd4 Qc2 40. Qb5 Qd1+ 41. Kf2 Nd3+ 0-1

[Event "Almansa op-B 12th"]
[Site "Almansa"]
[Date "2017.08.04"]
[Round "7"]
[White "Losa Ordonez, Juan Jose"]
[Black "Perez Hernandez, Juan S"]
[Result "0-1"]
[WhiteElo "1749"]
[BlackElo "1786"]
[PlyCount "72"]
[EventDate "2017.08.01"]
[EventType "swiss"]
[EventRounds "9"]
[EventCountry "ESP"]
[SourceTitle "EXT 2019"]
[Source "ChessBase"]
[SourceDate "2018.10.10"]
[SourceVersion "1"]
[SourceVersionDate "2018.10.10"]
[SourceQuality "1"]

1. e4 e5 2. Nf3 Nc6 3. Bb5 Bc5 4. 0-0 d6 5. h3 Nf6 6. Re1 0-0 7. c3 h6 8. d4 exd4 9. cxd4 Bb4 10. Nc3 Bd7 11. Qd3 Ba5 12. a3 Ne7 13. Bc4 d5 14. exd5 Bf5 15. Qd1 Nexd5 16. Nxd5 Nxd5 17. b4 Bb6 18. Qb3 Be6 19. Bb2 c6 20. Rad1 Re8 21. Ne5 Nc7 22. Nxf7 Kxf7 23. Bxe6+ Rxe6 24. Rd3 Qd5 25. Rf3+ Rf6 26. Rxf6+ Kxf6 27. Qg3 Re8 28. Re5 Rxe5 29. dxe5+ Kf7 30. Qf4+ Kg8 31. Qg4 Qe6 32. Qe4 Nd5 33. Qh4 Qf5 34. Qg3 Qb1+ 35. Kh2 Qxb2 36. e6 Bc7 0-1